Statistics for Biggest cities furthest in each cardinal direction, with a map

Click here to take the quiz!

General Stats

  • This quiz has been taken 59 times
    (21 since last reset)
  • The average score is 28 of 42

Answers on the Map

Answers color-coded by a green-red scale on the quiz's map according to % correct below.
 

Answer Stats

Answer% Correct
25.1 MMexico City
100%
19.1 MMoscow
100%
22.0 MNew York
100%
41.0 MTokyo
100%
16.7 MBuenos Aires
95%
34.6 MDelhi
95%
1.53 MHelsinki
95%
29.2 MJakarta
95%
5.00 MMelbourne
95%
27.1 MMumbai
95%
6.50 MSaint Petersburg
95%
22.1 MSão Paulo
95%
25.1 MSeoul
95%
4.97 MSydney
95%
212 kWellington
95%
1.48 MAuckland
89%
70.1 MGuangzhou
89%
853 kHonolulu
89%
17.2 MLos Angeles
89%
7.45 MSan Francisco
89%
3.07 MVancouver
89%
3.35 MBrisbane
84%
377 kChristchurch
79%
35.9 kApia
63%
270 kMurmansk
63%
185 kSuva
63%
359 kTampere
58%
41.9 kTromsø
53%
301 kArkhangelsk
47%
34.1 kNuku'alofa
47%
74.9 kUshuaia
42%
355 kYakutsk
42%
125 kPunta Arenas
37%
174 kNorilsk
32%
15.9 kAlta
26%
626 kMar del Plata
26%
215 kComodoro Rivadavia
21%
395 kNeuquén
21%
88.7 kRío Grande
16%
396 kSurgut
16%
26.6 kLabasa
11%
57.8 kNausori
11%

Score Distribution

Percentile by Number Answered

Percent of People with Each Score

Your Score History

You have not taken this quiz since the last reset